00827nas a2200229Ia 4500001001100000003000900011008004100020040001300061040001300074041001300087100004600100210003000146222003000176245012000206250001100326260003000337501008600367300001900453362003300472500005600505650003600561R031/43924IT-RoPAU151124c99999999xx |||||||||||| ||und|| aIT-RoPAU cIT-RoPAU aITALIANO aCereda GiuseppegCodice Aut. SPICS: 8190 aRIVISTA DEL CINEMATOGRAFO aRivista Del Cinematografo aRIVISTA DEL CINEMATOGRAFO, ANNO 51-N.05 (MAGGIO 1978)bA Proposito Del Fritz Lang Americano. L'Occhio Della Ragione a1a ed. aROMAbCITTA' ETERNAc1978 bPaulus - SPICS - Società San Paolo EM (non-commercial uses only)cCopyright2015 a5 p. [186-190] aANNO 051, N.05 (MAGGIO 1978) aRiflessioni Sul Cinema di Fritz Lang. Bibliografia. aCINEMAvPUBBLICAZIONE PERIODICA